000 00380cam a22001097a 4500
008 180718b1972 xxu||||| |||| 00| 0 eng d
082 _aT113x5453 1960-61- 1968-61
245 _aState income of Kerala 1960-61 to 1968-69
_cby Bureau of Economics & Statistics
260 _aTrivandrum
_bGovernment of Kerala
_c1972
300 _a107p
700 _aKerala. Bureau of Economics & Statistics
999 _c496819
_d496819